| 000 | 00857nam a2200205Ia 4500 | ||
|---|---|---|---|
| 999 |
_c37717 _d37717 |
||
| 001 | 3692 | ||
| 003 | GE_BSU | ||
| 005 | 20190524185051.0 | ||
| 008 | 181216s1980|||| |||||||||||||| ||geo|| | ||
| 040 | _cGE_BSU | ||
| 041 | _ageo | ||
| 080 | _a55:519.22(075.8) შ-22 | ||
| 100 |
_aშაორშაძე,მ. _91614 |
||
| 245 |
_aმათემატიკური სტატისტიკა გეოლოგიაში : სახელმძღვ. _cმ. შაორშაძე ; რედ : ბ. მხეიძე. |
||
| 264 |
_aთბილისი : _bგანათლება, _c1980. |
||
| 300 |
_a324 გ .: _c22 სმ. |
||
| 653 | _aმათემატიკური სტატისტიკა გეოლოგიაში | ||
| 700 |
_a მხეიძე, ბ _eრედაქტორი _91615 |
||
| 942 |
_cBK _2udc |
||